000 00684nam a2200205 a 4500
001 000042558
005 20201002040232.0
008 140127s1995 sp ac 000 0 spa d
020 _a8481350893
040 _aDO-SdBNP
_bspa
_cBNPHU
082 _axxxx
_bxxxx
240 1 0 _aWorld cinema: Diary of a day
_lEspañol
245 0 0 _a¡Acción!... Se Rueda :
_bdiario de un día de cine en el mundo /
_ctraducción Margot Wilbert.
260 _aBarcelona :
_bRoyal Books,
_c1995.
300 _a416 p. :
_bil. ;
_c25 cm.
500 _aHomenaje a los cien años de cine
590 _aInventariado, 2019/BT
730 1 _aBritish Film Institute
_969805
700 1 2 _aWilbert, Margot,
_etr.
_969806
999 _c42047
_d42047